| 000 | 00383nam a22001697a 4500 | ||
|---|---|---|---|
| 005 | 20260406132342.0 | ||
| 008 | 160627b xxu||||| |||| 00| 0 eng d | ||
| 020 | _a978-0-00-711933-2 | ||
| 041 | _aeng | ||
| 082 | _a823.912 | ||
| 100 |
_aAgatha Christie _98921 |
||
| 245 | _aDeath in the Clouds | ||
| 260 |
_bHarper _c2001 |
||
| 300 | _a333 | ||
| 650 | _aManagement | ||
| 942 | _cBK | ||
| 999 |
_c4163 _d4162 |
||